Cities at Night #3 - Statistics

General Stats
  • This quiz has been taken 11 times
  • The average score is 5 of 20
Answer Stats
Picture Answer % Correct
Las Vegas
88%
Budapest
63%
Copenhagen
50%
Warsaw
50%
Florence
38%
Santiago
38%
St. Petersburg
38%
Tel Aviv
38%
Bangkok
25%
Tehran
25%
Buenos Aires
13%
Cairo
13%
Havana
13%
Macau
13%
Mexico City
13%
Qingdao
13%
Ho Chi Minh City
0%
Kuwait City
0%
Mecca
0%
Vancouver
0%
No matching quizzes found
Score Distribution
Percent of People with Each Score
Percentile by Number Answered
Your Score History
You have not taken this quiz